000 00442nam a22001817a 4500
003 OSt
005 20241105100220.0
008 241105b |||||||| |||| 00| 0 eng d
040 _cMRSPTU
041 _aENG
082 _a635
_bTD-H
100 _aT. Dhar, Praveen
245 _aAn Introduction to Horticulture
260 _aNew Delhi
_bAstral International Pvt. Ltd.
_c2020
300 _a120
650 _aAgriculture
942 _2ddc
_cBK
_n0
999 _c10425
_d10425